01035nab a22002417a 4500999001500000003000400015005001700019008004100036040000700077100003500084245014300119260004200262300001200304500003700316505009700353505008900450650002600539650003600565650003700601650002000638773012200658942001300780 c6564d6564OSt20260224114921.0190506c xxu||||| |||| 00| 0 spa d cPJ 97141aHelver, Carolina Noelí10aContratación y subcontratación. Art. 30 LCT : bactividad normal y específica propia del establecimiento /cCarolina Noelí Helver. aBuenos Aires :bAbeledoPerrot,c2024. ap. 6-11 aCita: TR LALEY AR/DOC/1738/2024. aSumario: I. Introducción.— II. Desarrollo.— III. Conclusión.— IV. Bibliografía.  t¿Te interesa el texto completo? Comunicate al correo: koha@justierradelfuego.gov.ar 091316aDERECHO LABORAL 094951aRESPONSABILIDAD SOLIDARIA 091383aLEY DE CONTRATO DE TRABAJO 0aSUBCONTRATACION0 0275193202dBuenos Aires : AbeledoPerrot, 2013-tRevista de derecho laboral y seguridad social. Nº 16 - Agosto 2024 2udccANA